101 senarai penting bagi guru sekolah rendah (Record no. 123541)

MARC details
000 -LEADER
fixed length control field 00834nam a2200265 i 4500
001 - CONTROL NUMBER
control field C2-0323460
003 - CONTROL NUMBER IDENTIFIER
control field PPAK
005 - DATE AND TIME OF LATEST TRANSACTION
control field 20180728122041.0
008 - FIXED-LENGTH DATA ELEMENTS--GENERAL INFORMATION
fixed length control field 131027s2012 my |||| ||||| | may d
020 ## - INTERNATIONAL STANDARD BOOK NUMBER
International Standard Book Number 9789830687247
040 ## - CATALOGING SOURCE
Original cataloging agency PPAK
Language of cataloging eng
Transcribing agency PPAK
Description conventions rda
082 04 - DEWEY DECIMAL CLASSIFICATION NUMBER
Classification number 372.11
Edition number 23
090 00 - LOCALLY ASSIGNED LC-TYPE CALL NUMBER (OCLC); LOCAL CALL NUMBER (RLIN)
Classification number (OCLC) (R) ; Classification number, CALL (RLIN) (NR) 372.11
Feature heading SED
Feature heading G
100 1# - MAIN ENTRY--PERSONAL NAME
Personal name Sedgwick, Fred,
Relator term author
245 10 - TITLE STATEMENT
Title 101 senarai penting bagi guru sekolah rendah
Remainder of title : 101 Essential Lists for Primary Teachers
264 #1 - PRODUCTION, PUBLICATION, DISTRIBUTION, MANUFACTURE, AND COPYRIGHT NOTICE
Place of production, publication, distribution, manufacture Kuala Lumpur :
Name of producer, publisher, distributor, manufacturer Institut Terjemahan & Buku Malaysia Berhad ,
Date of production, publication, distribution, manufacture, or copyright notice 2012
300 ## - PHYSICAL DESCRIPTION
Extent viii, 119 pages ;
Dimensions 23 cm
336 ## - CONTENT TYPE
Source rdacontent
Content type term text
337 ## - MEDIA TYPE
Source rdamedia
Media type term unmediated
338 ## - CARRIER TYPE
Source rdacarrier
Carrier type term volume
490 1# - SERIES STATEMENT
Series statement Siri panduan guru ITBM
650 10 - SUBJECT ADDED ENTRY--TOPICAL TERM
Topical term or geographic name entry element Primary school teachers - Malaysia
830 #0 - SERIES ADDED ENTRY--UNIFORM TITLE
Uniform title Siri panduan guru ITBM
942 ## - ADDED ENTRY ELEMENTS (KOHA)
-- dc
Koha item type Book
Holdings
Withdrawn Not for loan Current library Shelving location Date acquired Total Checkouts Full call number Barcode Date last seen Date last checked out Koha item type
    Perpustakaan Alor Setar Pinjaman Dewasa 11/11/2013 1 372.11 SED A01424086 23/02/2023 01/02/2023 Book
    Perpustakaan Alor Setar Pinjaman Dewasa 11/11/2013   372.11 SED A01424087 09/05/2018   Book
    Perpustakaan Awam Sungai Petani Pinjaman Dewasa 11/11/2013 1 372.11 SED A01424088 05/07/2023 14/05/2023 Book
    Perpustakaan Jitra Pinjaman Dewasa 11/11/2013   372.11 SED A01424089 09/05/2018   Book